Protestantism. (Record no. 13680)

000 -LEADER
fixed length control field 00566nam a2200193 a 4500
001 - CONTROL NUMBER
control field :::00011503$&:&@@
003 - CONTROL NUMBER IDENTIFIER
control field OkBaRHE
005 - DATE AND TIME OF LATEST TRANSACTION
control field 20000607103409.0
008 - FIXED-LENGTH DATA ELEMENTS--GENERAL INFORMATION
fixed length control field s1962 j 000 0 eng u
040 ## - CATALOGING SOURCE
Transcribing agency
100 1# - MAIN ENTRY--PERSONAL NAME
Personal name Dunstan, J. Leslie,
245 10 - TITLE STATEMENT
Title Protestantism.
260 ## - PUBLICATION, DISTRIBUTION, ETC. (IMPRINT)
Place of publication, distribution, etc New York, NY., :
Name of publisher, distributor, etc George Braziller
Date of publication, distribution, etc 1962
300 ## - PHYSICAL DESCRIPTION
Extent 255 p. ;
Dimensions 21 cm.
490 0# - SERIES STATEMENT
Series statement Great religions of modern man.
650 ## - SUBJECT ADDED ENTRY--TOPICAL TERM
Topical term or geographic name as entry element Protestantism
942 ## - ADDED ENTRY ELEMENTS (KOHA)
Source of classification or shelving scheme
Koha item type Books
Copies
Date acquired Source of classification or shelving scheme Withdrawn status Full call number Shelving location Permanent Location Damaged status Not for loan Barcode Koha item type Lost status Date last seen Copy number Price effective from
2010-04-14  BX 4811 .D8General StacksRHEMA Bible Training College  11503Books 2010-04-1412010-04-14